[Event "Dhaka Elegant Chess Academy 1st"]
[Site "Dhaka"]
[Date "2024.07.12"]
[Round "2.3"]
[White "Mohammed, Salim"]
[Black "Hrishin, Talukder"]
[Result "0-1"]
[WhiteElo "1825"]
[BlackElo "1969"]
[PlyCount "100"]
[EventDate "2024.07.11"]
[EventType "team-tourn"]
[EventRounds "11"]
[EventCountry "BAN"]
[SourceTitle "EXT 2025"]
[Source "ChessBase"]
[SourceDate "2024.10.14"]
[SourceVersion "1"]
[SourceVersionDate "2024.10.14"]
[SourceQuality "1"]
[WhiteTeam "Bashir Memorial"]
[BlackTeam "Dipali Memorial"]
[WhiteTeamCountry "BAN"]
[BlackTeamCountry "BAN"]

1. c4 e5 2. Nc3 Nc6 3. g3 f5 4. e3 Be7 5. Bg2 d6 6. Nge2 Nf6 7. d4 0-0 8. 0-0 Qe8 9. Nd5 Nxd5 10. cxd5 Nd8 11. Bd2 e4 12. Qb3 Kh8 13. Rac1 c6 14. Ba5 b6 15. Bd2 cxd5 16. Nf4 Rb8 17. Rc7 Bg5 18. Rfc1 Bb7 19. Nh3 Bh6 20. Qa3 Ne6 21. R7c2 Ra8 22. Qxd6 Rf6 23. Qe5 Qb8 24. Bb4 Qxe5 25. dxe5 Rf7 26. Nf4 Bxf4 27. gxf4 g5 28. fxg5 Rg8 29. h4 h6 30. f4 exf3 31. Bxf3 hxg5 32. hxg5 Nxg5 33. Rh2+ Nh3+ 34. Kh1 Rh7 35. Rf1 Ba6 36. Bc3 Bxf1 37. e6+ Rgg7 38. Bxg7+ Kxg7 39. Bxd5 Nf2+ 40. Kg1 Rxh2 41. Kxh2 Ng4+ 42. Kg1 Bb5 43. e4 f4 44. Kg2 Nf2 45. Kxf2 Kf6 46. b3 a5 47. a4 Bd3 48. Kg2 Be2 49. Kf2 Bg4 50. Kg2 Bxe6 0-1

[Event "BAN-chB 48th"]
[Site "Dhaka"]
[Date "2024.06.09"]
[Round "3"]
[White "Hrishin, Talukder"]
[Black "Hamid, Rani"]
[Result "0-1"]
[WhiteElo "1982"]
[BlackElo "1838"]
[PlyCount "86"]
[EventDate "2024.06.07"]
[EventType "swiss"]
[EventRounds "9"]
[EventCountry "BAN"]
[SourceTitle "EXT 2025"]
[Source "ChessBase"]
[SourceDate "2024.10.14"]
[SourceVersion "1"]
[SourceVersionDate "2024.10.14"]
[SourceQuality "1"]

1. e4 c5 2. a3 e6 3. b4 a6 4. bxc5 Bxc5 5. d4 Be7 6. Bd3 d6 7. Ne2 Nf6 8. 0-0 Nc6 9. c3 0-0 10. f4 Qc7 11. e5 Ne8 12. Ng3 g6 13. Nd2 f5 14. a4 Na5 15. Bb2 d5 16. Qe2 Bd7 17. c4 dxc4 18. Nxc4 Nb3 19. Rab1 b5 20. Ne3 Qb6 21. Rfd1 Nc7 22. axb5 axb5 23. Bc3 Na5 24. Kh1 Rfc8 25. Rdc1 b4 26. Ngf1 Nb5 27. Bxb4 Rxc1 28. Bxa5 Rxf1+ 29. Qxf1 Rxa5 30. Nc4 Qxd4 31. Nxa5 Nc3 32. Rb7 Qd5 33. Bc4 Qxa5 34. Rxd7 Kf7 35. h3 Ne4 36. Kh2 Qc3 37. Qd3 Qc1 38. Bxe6+ Kf8 39. Rd8+ Kg7 40. Rg8+ Kh6 41. Qf3 Bc5 42. Qxe4 fxe4 43. h4 Qxf4+ 0-1

[Event "BAN-ch 47th"]
[Site "Dhaka"]
[Date "2022.12.29"]
[Round "13"]
[White "Mohammad, Minhaz Uddin"]
[Black "Hrishin, Talukder"]
[Result "1/2-1/2"]
[WhiteElo "2251"]
[BlackElo "1942"]
[PlyCount "115"]
[EventDate "2022.12.15"]
[EventType "tourn"]
[EventRounds "13"]
[EventCountry "BAN"]
[EventCategory "1"]
[SourceTitle "CBM 212 Extra"]
[Source "ChessBase"]
[SourceDate "2023.03.31"]
[SourceVersion "1"]
[SourceVersionDate "2023.03.31"]
[SourceQuality "1"]

1. e4 c5 2. Nf3 d6 3. d4 cxd4 4. Nxd4 Nf6 5. Nc3 a6 6. f3 e5 7. Nb3 Be7 8. Be3 Be6 9. Nd5 Nxd5 10. exd5 Bd7 11. Qd2 0-0 12. c4 a5 13. a4 Na6 14. Qf2 Qe8 15. Nxa5 Nb4 16. Qd2 Rxa5 17. Qxb4 Qa8 18. b3 f5 19. Be2 Bh4+ 20. g3 f4 21. gxh4 fxe3 22. Qxd6 Qd8 23. 0-0-0 Rf6 24. Qb4 Bxa4 25. d6 Bc6 26. d7 Ra2 27. c5 Rxe2 28. Qc4+ Rf7 29. Qxe2 Bxf3 30. Qxe3 Bxh1 31. Qg5 Rf8 32. Qxd8 Rxd8 33. Rxh1 Rxd7 34. Kb2 Kf7 35. b4 Ke6 36. Kc3 e4 37. Kc4 Ke5 38. Kb5 e3 39. Kb6 Ke4 40. b5 e2 41. Re1 Ke3 42. h5 Kf2 43. Ra1 e1Q 44. Rxe1 Kxe1 45. c6 bxc6 46. bxc6 Rd2 47. c7 Rc2 48. Kb7 Kf2 49. c8Q Rxc8 50. Kxc8 Kf3 51. Kd7 Kg4 52. h6 g5 53. Ke6 Kh5 54. Kf5 Kxh6 55. h4 gxh4 56. Kg4 Kg7 57. Kxh4 h5 58. Kxh5 1/2-1/2

[Event "BAN-ch 47th"]
[Site "Dhaka"]
[Date "2022.12.28"]
[Round "12"]
[White "Hrishin, Talukder"]
[Black "Hossain, Enamul"]
[Result "0-1"]
[WhiteElo "1942"]
[BlackElo "2372"]
[PlyCount "92"]
[EventDate "2022.12.15"]
[EventType "tourn"]
[EventRounds "13"]
[EventCountry "BAN"]
[EventCategory "1"]
[SourceTitle "CBM 212 Extra"]
[Source "ChessBase"]
[SourceDate "2023.03.31"]
[SourceVersion "1"]
[SourceVersionDate "2023.03.31"]
[SourceQuality "1"]

1. e4 c5 2. Nf3 e6 3. d4 cxd4 4. Nxd4 Nc6 5. Nb5 d6 6. c4 Nf6 7. N1c3 a6 8. Nd4 Be7 9. Be2 0-0 10. 0-0 Qb6 11. Nc2 Ne5 12. Be3 Qc7 13. Qd4 Bd7 14. f3 Rfc8 15. Na3 h6 16. Kh1 Be8 17. Rac1 Ng6 18. Rfd1 Rd8 19. Nab1 Nh7 20. Bf1 Bg5 21. b4 Nf6 22. Bxg5 hxg5 23. Qe3 g4 24. f4 Rac8 25. Nd2 d5 26. exd5 exd5 27. cxd5 Qxf4 28. Qxf4 Nxf4 29. Nde4 Nxe4 30. Nxe4 Ba4 31. Rxc8 Rxc8 32. Re1 Re8 33. b5 Nxd5 34. Bc4 Re5 35. bxa6 bxa6 36. Bxd5 Rxd5 37. Nc3 Rd4 38. Nxa4 Rxa4 39. Re2 f5 40. Kg1 Kf7 41. Kf2 Kf6 42. Kg3 a5 43. Kf2 Kg5 44. g3 Kf6 45. Kg1 Rb4 46. Rc2 a4 0-1

[Event "BAN-ch 47th"]
[Site "Dhaka"]
[Date "2022.12.21"]
[Round "6"]
[White "Mohammad Fahad, Rahman"]
[Black "Hrishin, Talukder"]
[Result "1-0"]
[WhiteElo "2361"]
[BlackElo "1942"]
[PlyCount "51"]
[EventDate "2022.12.15"]
[EventType "tourn"]
[EventRounds "13"]
[EventCountry "BAN"]
[EventCategory "1"]
[SourceTitle "CBM 212 Extra"]
[Source "ChessBase"]
[SourceDate "2023.03.31"]
[SourceVersion "1"]
[SourceVersionDate "2023.03.31"]
[SourceQuality "1"]

1. d4 Nf6 2. c4 g6 3. g3 Bg7 4. Bg2 0-0 5. Nc3 d6 6. Nf3 c5 7. d5 e6 8. 0-0 exd5 9. cxd5 Re8 10. Re1 Na6 11. e4 Bg4 12. Qb3 Nb4 13. Bg5 h6 14. Bd2 Bxf3 15. Bxf3 a6 16. Nd1 a5 17. Rc1 b5 18. Bxb4 axb4 19. e5 Nd7 20. e6 Ne5 21. Be2 Qa5 22. f4 c4 23. Qe3 Nd7 24. f5 gxf5 25. exf7+ Kxf7 26. Bh5+ 1-0

[Event "BAN-ch 47th"]
[Site "Dhaka"]
[Date "2022.12.16"]
[Round "2"]
[White "Murshed, Niaz"]
[Black "Hrishin, Talukder"]
[Result "1-0"]
[WhiteElo "2419"]
[BlackElo "1942"]
[PlyCount "59"]
[EventDate "2022.12.15"]
[EventType "tourn"]
[EventRounds "13"]
[EventCountry "BAN"]
[EventCategory "1"]
[SourceTitle "CBM 212 Extra"]
[Source "ChessBase"]
[SourceDate "2023.03.31"]
[SourceVersion "1"]
[SourceVersionDate "2023.03.31"]
[SourceQuality "1"]

1. Nf3 Nf6 2. c4 e6 3. g3 b6 4. Bg2 Bb7 5. 0-0 Be7 6. Nc3 0-0 7. Re1 d5 8. cxd5 exd5 9. d4 h6 10. Nh4 Ne4 11. Nxe4 Bxh4 12. Nc3 Bf6 13. Bf4 c6 14. Rc1 Na6 15. e4 dxe4 16. Nxe4 Be7 17. Nc3 Qd7 18. Qh5 Bf6 19. Be5 Bxe5 20. dxe5 Nc5 21. Rcd1 Qe7 22. b4 Ne6 23. Rd6 c5 24. bxc5 Nxc5 25. Bxb7 Qxb7 26. Nd5 Rad8 27. Rxh6 gxh6 28. Nf6+ Kg7 29. Qg4+ Kh8 30. Qf5 1-0

[Event "BAN-chB 47th"]
[Site "Dhaka"]
[Date "2022.11.01"]
[Round "6"]
[White "Hrishin, Talukder"]
[Black "Rahman, Syed Mahfuzur"]
[Result "0-1"]
[WhiteElo "1673"]
[BlackElo "2130"]
[PlyCount "69"]
[EventDate "2022.10.27"]
[EventType "swiss"]
[EventRounds "11"]
[EventCountry "BAN"]
[SourceTitle "EXT 2024"]
[Source "ChessBase"]
[SourceDate "2023.10.10"]
[SourceVersion "1"]
[SourceVersionDate "2023.10.10"]
[SourceQuality "1"]

1. e4 c5 2. Nf3 Nc6 3. Bb5 g6 4. 0-0 Bg7 5. Re1 e5 6. c3 a6 7. Ba4 b5 8. Bb3 Nge7 9. d3 0-0 10. Be3 d6 11. Nbd2 h6 12. Nf1 Kh7 13. d4 cxd4 14. cxd4 Na5 15. dxe5 Nxb3 16. Qxb3 dxe5 17. Red1 Qc7 18. Rac1 Qb7 19. Bc5 Be6 20. Qa3 Rfe8 21. Bd6 Nc6 22. Ng3 Rac8 23. h3 Red8 24. b3 Rd7 25. Bc5 a5 26. Be3 Bf8 27. Qb2 f6 28. Rxd7+ Qxd7 29. Qe2 Nd4 30. Nxd4 Rxc1+ 31. Bxc1 exd4 32. Qd2 a4 33. bxa4 bxa4 34. Ne2 d3 35. Nf4 0-1